| 000 | 00938cab a2200253 4500 | ||
|---|---|---|---|
| 001 | ABS50010 | ||
| 008 | 090401t1993 xxu||||| |||| 00| 0 eng d | ||
| 035 | _a(Sirsi) u73636 | ||
| 041 | _aeng | ||
| 100 | _aCollar, N. | ||
| 245 | _aOwnership problems and negative (Grampian) conditions in planning permissions | ||
| 260 | _c1993 | ||
| 350 | _a0 | ||
| 490 |
_aProperty Law _v(6) December 1993, 4-6(3) |
||
| 520 | _aDiscusses the case "British Railways Board v SoS Environment", which provides encouragement for developers seeking to obtain planning permission by re-emphasising the irrelevance of ownership difficulties and relaxing the legal restrictions on use of negative conditions. | ||
| 650 | _aACCESS | ||
| 650 | _aGRAMPIAN CONDITIONS | ||
| 650 | _aNEGATIVE CONDITIONS | ||
| 650 | _aPLANNING CONDITIONS | ||
| 650 | _aPLANNING PERMISSION | ||
| 690 | _aPLANNING LAW AND PRACTICE | ||
| 942 | _n0 | ||
| 948 | _c04/03/1997 | ||
| 999 |
_c46507 _d46507 |
||